Zvyšovanie výkonnosti podniku pomocou minimalizácie premárnených príležitostí dizertačná práca

Gespeichert in:
Bibliographische Detailangaben
1. Verfasser: Sabolová, Martina
Körperschaft: Podnikovohospodárska fakulta EU so sídlom v Košiciach. Katedra hospodárskej informatiky a matematiky
Weitere Verfasser: Tkáč, Michal, 1958-
Format: Buch
Sprache:Slowakisch
Veröffentlicht: Košice 2015
Schlagworte:
Tags: Tag hinzufügen
Keine Tags, Fügen Sie das erste Tag hinzu!

MARC

LEADER 00000nbm a2200000 4500
001 0206961
005 20240502073434.4
041 0 |a slo 
044 |a SK 
245 1 0 |a Zvyšovanie výkonnosti podniku pomocou minimalizácie premárnených príležitostí  |b dizertačná práca  |c Martina Sabolová ; školiteľ: Michal Tkáč 
264 1 |a Košice  |c 2015 
300 |a 106 s. 
610 2 0 |a výkonnosť podniku 
610 2 0 |a zvyšovanie produktivity 
610 2 0 |a obstarávanie verejné 
610 2 0 |a tender 
100 1 |a Sabolová, Martina 
700 1 |a Tkáč, Michal, 1958- 
710 2 |a Podnikovohospodárska fakulta EU so sídlom v Košiciach. Katedra hospodárskej informatiky a matematiky